00740cam a2200241 a 450000100100000000500170001000800410002702000150006804000230008304100380010608200180014410000290016224000230019124500650021426000410027930000210032049000230034153400310036465000260039565000300042170000240045183000230047500000337720200929150427.0900713s1992 sp 000 f spa d a8427016646 aDO-SdBNPcDLCdDLC17aspaheng2Código de idioma MARC a813.54bL794d1 aLlywelyn, Morgan,d1937-10aDruids.lEspañol13aEl druida /cMorgan Llywelyn ; traducción de Jorge Ribera. aBarcelona :bMartínez Roca,c1992. a382 p. ;c24 cm.1 aNovela histórica aTítulo original:tDruids 4aNovela estadounidense 4aLiteratura estadounidense1 aRibera, Jorge,etr. 0aNovela histórica